Sports Quiz

Random Sports or Basketball Quiz

NBA Quickest to 500 Points Quiz Stats

 Plays Quiz Updated Jan 4, 2019

Challenge
Share
Tweet
Embed
Score 0/210 Timer 12:00
11 Plays Today
Season Player(s) % Correct
2014-15S. Curry, L. James (22nd)
99.2%
2010-11D. Nowitzki, +2 more (21st)
99%
2004-05A. Iverson, L. James (21st)
98.6%
2006-07V. Carter, L. James (19th)
98.5%
2015-16Kevin Durant (19th)
98.4%
2018-19LeBron James (18th)
98.2%
2013-14LeBron James (20th)
98.1%
2012-13LeBron James (20th)
98.1%
2011-12LeBron James (19th)
98.1%
2009-10LeBron James (18th)
98.1%
2008-09LeBron James (19th)
98.1%
2005-06LeBron James (18th)
98.1%
2017-18LeBron James (18th)
98.1%
2018-19Stephen Curry (17th)
96.8%
2015-16Stephen Curry (16th)
95.6%
2018-19J. Embiid, +3 more (19th)
95.5%
2009-10K. Durant, D. Wade (19th)
94.4%
2018-19James Harden (16th)
92.4%
1997-98Michael Jordan (19th)
92.3%
1996-97Michael Jordan (16th)
92.3%
1995-96Michael Jordan (17th)
92.3%
1992-93Michael Jordan (17th)
92.3%
1991-92Michael Jordan (17th)
92.3%
1990-91Michael Jordan (18th)
92.3%
1989-90Michael Jordan (16th)
92.3%
1988-89Michael Jordan (14th)
92.3%
1987-88Michael Jordan (16th)
92.3%
1986-87Michael Jordan (14th)
92.3%
2001-02K. Bryant, P. Pierce (20th)
92.3%
2013-14Kevin Durant (18th)
91.8%
2012-13Kevin Durant (19th)
91.8%
2011-12Kevin Durant (20th)
91.8%
2014-15Kobe Bryant (20th)
90.7%
2012-13Kobe Bryant (18th)
90.7%
2011-12Kobe Bryant (17th)
90.7%
2010-11Kobe Bryant (19th)
90.7%
2009-10Kobe Bryant (18th)
90.7%
2008-09Kobe Bryant (21st)
90.7%
2007-08Kobe Bryant (19th)
90.7%
2005-06Kobe Bryant (16th)
90.7%
2004-05Kobe Bryant (19th)
90.7%
2002-03Kobe Bryant (18th)
90.7%
2000-01Kobe Bryant (18th)
90.7%
2000-01A. Iverson, +2 more (21st)
90.2%
2016-17Russell Westbrook (16th)
89.8%
2015-16Russell Westbrook (19th)
89.7%
1999-00V. Carter, +4 more (22nd)
87.8%
2016-17James Harden (18th)
86.9%
2015-16James Harden (17th)
86.9%
2014-15James Harden (20th)
86.9%
2012-13James Harden (21st)
86.9%
2003-04V. Carter, +3 more (22nd)
86.2%
2017-18James Harden (16th)
85.6%
2001-02Shaquille O'Neal (19th)
84.2%
1999-00Shaquille O'Neal (19th)
84.2%
1998-99Shaquille O'Neal (20th)
84.2%
1996-97Shaquille O'Neal (20th)
84.2%
1994-95Shaquille O'Neal (17th)
84.2%
1993-94Shaquille O'Neal (18th)
84.2%
1978-79J. Erving, M. Johnson (20th)
83.7%
1990-91D. Robinson, +3 more (19th)
82.1%
2007-08Allen Iverson (20th)
81.3%
2005-06Allen Iverson (15th)
81.3%
2003-04Allen Iverson (19th)
81.3%
2002-03Allen Iverson (17th)
81.2%
1998-99Allen Iverson (18th)
81.2%
1980-81J. Erving, D. Thompson (20th)
80.9%
2006-07Joe Johnson (18th)
80.5%
2008-09Dwyane Wade (18th)
80.4%
2006-07Dwyane Wade (18th)
80.4%
Season Player(s) % Correct
2016-17Anthony Davis (17th)
80.1%
2014-15Anthony Davis (21st)
80.1%
2003-04Baron Davis (22nd)
79.8%
1984-85Larry Bird (19th)
77.6%
1982-83Larry Bird (21st)
77.6%
2009-10Dirk Nowitzki (19th)
77.3%
2008-09Dirk Nowitzki (20th)
77.3%
2004-05Dirk Nowitzki (20th)
77.3%
1987-88D. Ellis, +2 more (21st)
76.1%
1977-78B. Knight, +2 more (21st)
75.8%
2001-02Vince Carter (20th)
75.5%
2005-06Paul Pierce (19th)
74.1%
2002-03Paul Pierce (20th)
74.1%
2016-17DeMarcus Cousins (18th)
73.6%
1999-00Karl Malone (20th)
73.3%
1998-99Karl Malone (21st)
73.3%
1997-98Karl Malone (20th)
73.3%
1996-97Karl Malone (20th)
73.3%
1995-96Karl Malone (20th)
73.3%
1994-95Karl Malone (20th)
73.3%
1993-94Karl Malone (20th)
73.3%
1992-93Karl Malone (18th)
73.3%
1991-92Karl Malone (17th)
73.3%
1989-90Karl Malone (18th)
73.3%
1988-89Karl Malone (18th)
73.3%
1984-85Moses Malone (19th)
73%
1981-82Moses Malone (19th)
73%
1980-81Moses Malone (17th)
73%
1979-80Moses Malone (19th)
73%
2013-14Carmelo Anthony (20th)
72.5%
2012-13Carmelo Anthony (21st)
72.5%
2009-10Carmelo Anthony (17th)
72.5%
2007-08Carmelo Anthony (20th)
72.5%
2006-07Carmelo Anthony (16th)
72.5%
2003-04Kevin Garnett (21st)
71.8%
2017-18DeMarcus Cousins (20th)
69.7%
1997-98David Robinson (22nd)
67.8%
1995-96David Robinson (19th)
67.8%
1994-95David Robinson (19th)
67.8%
1993-94David Robinson (18th)
67.8%
1978-79Truck Robinson (20th)
67.6%
2016-17D. DeRozan, D. Lillard (18th)
67.1%
2004-05Ray Allen (21st)
64.3%
1993-94Hakeem Olajuwon (21st)
64.2%
1985-86Hakeem Olajuwon (21st)
64.2%
2002-03Tracy McGrady (17th)
64.1%
1981-82Julius Erving (20th)
63.4%
1979-80Julius Erving (19th)
63.4%
2017-18Damian Lillard (20th)
60.3%
2013-14L. Aldridge, K. Love (22nd)
59.8%
1989-90Patrick Ewing (18th)
59.8%
1993-94Charles Barkley (20th)
59.4%
1992-93Charles Barkley (20th)
59.4%
1990-91Charles Barkley (18th)
59.4%
1988-89Charles Barkley (18th)
59.4%
1987-88Charles Barkley (17th)
59.4%
2011-12Kevin Love (20th)
55.7%
2018-19Kemba Walker (18th)
53.5%
2008-09Chris Bosh (21st)
53.4%
2015-16Paul George (19th)
53.3%
2013-14Paul George (21st)
53.3%
2014-15Blake Griffin (22nd)
51.9%
2011-12LaMarcus Aldridge (23rd)
50.4%
1991-92Clyde Drexler (19th)
49.9%
1987-88Clyde Drexler (20th)
49.9%
2017-18Giannis Antetokounmpo (18th)
46.5%
2010-11Derrick Rose (21st)
46%
1986-87Kevin McHale (20th)
44.6%
1992-93Dominique Wilkins (18th)
43.2%
1991-92Dominique Wilkins (19th)
43.2%
Season Player(s) % Correct
1989-90Dominique Wilkins (20th)
43.2%
1986-87Dominique Wilkins (20th)
43.2%
1985-86Dominique Wilkins (21st)
43.2%
1995-96Anfernee Hardaway (19th)
43.1%
2000-01Gary Payton (21st)
42.1%
2010-11Amar'e Stoudemire (21st)
41.8%
2004-05Amar'e Stoudemire (20th)
41.8%
2010-11Monta Ellis (20th)
40.2%
1988-89Dale Ellis (18th)
40.2%
2000-01Chris Webber (21st)
37.8%
1983-84George Gervin (19th)
35.7%
1982-83George Gervin (16th)
35.7%
1981-82George Gervin (18th)
35.7%
1980-81George Gervin (18th)
35.7%
1979-80George Gervin (17th)
35.7%
1978-79George Gervin (16th)
35.7%
1977-78George Gervin (19th)
35.7%
1988-89Alex English (18th)
35.3%
1986-87Alex English (18th)
35.3%
1985-86Alex English (17th)
35.3%
1984-85Alex English (18th)
35.3%
1982-83Alex English (17th)
35.3%
1981-82Alex English (20th)
35.3%
1996-97Shawn Kemp (22nd)
35.3%
1999-00Grant Hill (19th)
33.5%
1998-99Grant Hill (23rd)
33.5%
1994-95Jim Jackson (18th)
32%
1992-93Chris Mullin (18th)
31.9%
1991-92Chris Mullin (19th)
31.9%
1989-90Chris Mullin (19th)
31.9%
2005-06Gilbert Arenas (18th)
31.9%
2007-08C. Boozer, M. Redd (21st)
30.6%
2001-02Antoine Walker (20th)
29.9%
1990-91Bernard King (18th)
29.2%
1984-85Bernard King (17th)
29.2%
2006-07Michael Redd (17th)
28.4%
1985-86Adrian Dantley (16th)
27.3%
1983-84Adrian Dantley (18th)
27.3%
1982-83Adrian Dantley (18th)
27.3%
1981-82Adrian Dantley (17th)
27.3%
1979-80Adrian Dantley (20th)
27.3%
1977-78Adrian Dantley (19th)
27.3%
1980-81Adrian Dantley (15th)
27.3%
1997-98S. Abdur-Rahim, G. Rice (23rd)
24.9%
1997-98Mitch Richmond (22nd)
24.7%
2000-01Jerry Stackhouse (19th)
24%
2002-03Antawn Jamison (20th)
21.9%
1996-97Latrell Sprewell (21st)
21.1%
2003-04Peja Stojakovic (21st)
20.1%
2007-08Richard Jefferson (20th)
19.5%
1977-78Pete Maravich (19th)
18.8%
1977-78Rick Barry (18th)
18.2%
1998-99Shareef Abdur-Rahim (21st)
16.5%
1987-88Mark Aguirre (20th)
16.1%
1983-84Mark Aguirre (18th)
16.1%
1999-00Michael Finley (22nd)
13.3%
1994-95Jamal Mashburn (19th)
12.7%
1983-84World B. Free (19th)
12.1%
1979-80World B. Free (21st)
12.1%
1978-79World B. Free (19th)
12.1%
1986-87Kiki Vandeweghe (20th)
10.9%
1983-84Kiki Vandeweghe (17th)
10.9%
2001-02Nick Van Exel (20th)
8.5%
1982-83Reggie Theus (19th)
5.6%
1990-91Orlando Woolridge (18th)
4.4%
1985-86Orlando Woolridge (18th)
4.4%
1978-79Paul Westphal (19th)
4.3%
1984-85Purvis Short (17th)
3.7%
1995-96Cedric Ceballos (21st)
3.6%
1980-81Otis Birdsong (19th)
2.4%

You're not logged in!

Compare scores with friends on all Sporcle quizzes.
OR
Log In

You Might Also Like...

Show Comments

Extras

Top Quizzes Today


Score Distribution

Your Account Isn't Verified!

In order to create a playlist on Sporcle, you need to verify the email address you used during registration. Go to your Sporcle Settings to finish the process.

Report this User

Report this user for behavior that violates our Community Guidelines.

Details: